[Event "XXIII Weekend B"]
[Site "Ceriano Laghetto ITA"]
[Date "2014.03.16"]
[Round "4"]
[White "Squillante, Michele"]
[Black "Galli, Agostino"]
[WhiteElo "1709"]
[BlackElo "1732"]
[Result "0-1"]
[PlyCount "68"]
[EventDate "2014.03.14"]

1. d4 e6 2. Nf3 Nf6 3. Bg5 b6 4. Nbd2 c5 5. e3 cxd4 6. exd4 Bb7 7. Bd3 g6 8.
O-O Bg7 9. Re1 O-O 10. Ne4 Bxe4 11. Bxe4 d5 12. Bd3 Qc7 13. c3 Nc6 14. Bh4 a6
15. Bg3 Qb7 16. Ne5 Nd7 17. f4 b5 18. a3 Ndxe5 19. fxe5 Rae8 20. Qd2 f5 21.
exf6 Bxf6 22. Rf1 e5 23. dxe5 Bxe5 24. Rxf8+ Rxf8 25. Bxe5 Nxe5 26. Be2 Qb6+
27. Kh1 Qc5 28. Rf1 Rxf1+ 29. Bxf1 Ng4 30. h3 Nf2+ 31. Kh2 Qd6+ 32. g3 Ne4 33.
Qd4 Qxg3+ 34. Kh1 Nf2+ 0-1

[Event "XXIII Weekend B"]
[Site "Ceriano Laghetto ITA"]
[Date "2014.03.16"]
[Round "4"]
[White "Tarelli, Daniele"]
[Black "Brioschi, Camillo"]
[WhiteElo "1947"]
[BlackElo "1746"]
[Result "1-0"]
[PlyCount "65"]
[EventDate "2014.03.14"]

1. g3 d5 2. Nf3 Bg4 3. Bg2 Nd7 4. h3 Bxf3 5. Bxf3 Ngf6 6. b3 e5 7. Bb2 Bd6 8.
d3 c6 9. Nd2 O-O 10. e4 Qa5 11. a3 Rfe8 12. O-O Qd8 13. Qe2 d4 14. Rfe1 Nf8 15.
Nf1 Qd7 16. Kg2 Ne6 17. Bc1 Qe7 18. Nh2 h6 19. Ng4 Nh7 20. h4 Qf8 21. Rh1 Nc5
22. Kg1 f5 23. exf5 Qxf5 24. Bxh6 e4 25. dxe4 Qe6 26. Bd2 Nxe4 27. Re1 Nhf6 28.
Nxf6+ gxf6 29. Qxe4 Qf7 30. Qg4+ Kh8 31. Qh5+ Qxh5 32. Bxh5 Bxa3 33. Rxe8+ 1-0

[Event "XXIII Weekend B"]
[Site "Ceriano Laghetto ITA"]
[Date "2014.03.16"]
[Round "5"]
[White "Brioschi, Camillo"]
[Black "Greco, Umberto"]
[WhiteElo "1746"]
[BlackElo "1703"]
[Result "1/2-1/2"]
[PlyCount "138"]
[EventDate "2014.03.14"]

1. d4 Nf6 2. c4 g6 3. Nc3 Bg7 4. e4 d6 5. Be2 O-O 6. f4 Nfd7 7. Nf3 c5 8. Be3
Na6 9. O-O cxd4 10. Nxd4 Ndc5 11. Qd2 Ne6 12. Nd5 Nac5 13. Bf3 a6 14. Rac1 Nd7
15. Nb3 Ndc5 16. Rfd1 Nxb3 17. axb3 Bh6 18. b4 Bd7 19. b3 Bc6 20. g3 Bxd5 21.
Qxd5 Nc7 22. Qa5 Ne6 23. Bb6 Qe8 24. Rc3 Rc8 25. e5 dxe5 26. fxe5 Rb8 27. Rcd3
Kg7 28. Rd7 Kg8 29. Bxb7 Rxb7 30. Rxb7 Qc6 31. Qd5 Qc8 32. Qd7 Qa8 33. Qd5 Ng7
34. Rxe7 Qc8 35. Rd7 Nf5 36. Bc5 Be3+ 37. Kh1 Bxc5 38. Qxc5 Qa8+ 39. Qd5 Qb8
40. Rd3 Qxb4 41. Qe4 Qa3 42. Qe1 Qc5 43. R7d5 Qc6 44. Qe4 Qb6 45. Kg2 Ng7 46.
Rd6 Qa5 47. Kh3 Ne6 48. Qd5 Qe1 49. Rxe6 Qf1+ 50. Kh4 fxe6 51. Qxe6+ Kh8 52.
Rd7 Qf3 53. Qg4 Qxb3 54. e6 Qb2 55. Qd4+ Qxd4+ 56. Rxd4 Re8 57. Re4 Kg7 58. Kg5
h6+ 59. Kf4 Kf6 60. Re5 Ke7 61. Ra5 Rc8 62. c5 Rc6 63. Ke5 Rxe6+ 64. Kd5 Kd7
65. Ra2 Rf6 66. g4 g5 67. Rb2 Kc7 68. Re2 Kd7 69. Rd2 Kc7 1/2-1/2

[Event "XXIII Weekend B"]
[Site "Ceriano Laghetto ITA"]
[Date "2014.03.16"]
[Round "5"]
[White "Burani, Eugenio"]
[Black "Prevedello, Daniele"]
[WhiteElo "1822"]
[BlackElo "1803"]
[Result "1/2-1/2"]
[PlyCount "56"]
[EventDate "2014.03.14"]

1. e4 c6 2. d4 d5 3. Nc3 dxe4 4. Nxe4 Bf5 5. Ng3 Bg6 6. h4 h6 7. Nf3 Nd7 8. h5
Bh7 9. Bd3 Bxd3 10. Qxd3 Ngf6 11. Bd2 Qc7 12. O-O-O O-O-O 13. c4 e5 14. dxe5
Nxe5 15. Qf5+ Nfd7 16. Bf4 f6 17. Rhe1 Bd6 18. Ne4 Nd3+ 19. Rxd3 Bxf4+ 20. Kb1
Kb8 21. Red1 Ne5 22. Rxd8+ Rxd8 23. Rxd8+ Qxd8 24. Qxf4 Qd1+ 25. Qc1 Qd3+ 26.
Qc2 Qf1+ 27. Qc1 Qd3+ 28. Qc2 Qf1+ 1/2-1/2

[Event "XXIII Weekend B"]
[Site "Ceriano Laghetto ITA"]
[Date "2014.03.16"]
[Round "5"]
[White "Casartelli, Fabio"]
[Black "Squillante, Michele"]
[WhiteElo "1838"]
[BlackElo "1709"]
[Result "1-0"]
[PlyCount "93"]
[EventDate "2014.03.14"]

1. d4 Nf6 2. Nf3 g6 3. c4 Bg7 4. Nc3 d5 5. e3 O-O 6. Be2 dxc4 7. O-O Nbd7 8.
Bxc4 Nb6 9. Be2 c6 10. Bd2 Nbd5 11. Rc1 Re8 12. h3 Nxc3 13. bxc3 Nd7 14. c4 e6
15. Qc2 b6 16. Rfd1 Bb7 17. Bb4 Rc8 18. Qa4 a6 19. Nd2 b5 20. Qb3 a5 21. Bc3 b4
22. Ba1 c5 23. Bf3 Bxf3 24. Nxf3 Qb6 25. d5 Bxa1 26. Rxa1 exd5 27. Rxd5 Qf6 28.
Rad1 Nb6 29. Rd6 Re6 30. R6d3 Re4 31. Nd2 Re6 32. f3 Ree8 33. Ne4 Qe6 34. Rd6
Qxc4 35. Rxb6 Rxe4 36. fxe4 Qxe4 37. Qd3 Qe5 38. Rb5 a4 39. Rc1 h5 40. e4 Re8
41. Rbxc5 Qxe4 42. Qxe4 Rxe4 43. R1c2 Rd4 44. R5c4 Rd1+ 45. Kf2 Rb1 46. Re4 Kg7
47. Re1 1-0

[Event "XXIII Weekend B"]
[Site "Ceriano Laghetto ITA"]
[Date "2014.03.16"]
[Round "5"]
[White "Colombo, Luca"]
[Black "Tarelli, Daniele"]
[WhiteElo "1826"]
[BlackElo "1947"]
[Result "0-1"]
[PlyCount "104"]
[EventDate "2014.03.14"]

1. e4 g6 2. d4 Bg7 3. Nc3 d6 4. Nf3 Nf6 5. h3 O-O 6. Be2 Nbd7 7. O-O e5 8. dxe5
dxe5 9. Be3 c6 10. Qd2 Re8 11. Rad1 Qe7 12. Qd6 Qxd6 13. Rxd6 Bf8 14. Rd2 Nc5
15. Bxc5 Bxc5 16. Rfd1 Bb6 17. Bc4 h6 18. Rd6 Kg7 19. a3 a5 20. Ba2 Bc7 21.
R6d3 b5 22. Nd2 b4 23. Ne2 Ba6 24. Bc4 Bxc4 25. Nxc4 Nxe4 26. Rd7 Bb8 27. Rd8
Ba7 28. Rxa8 Bxf2+ 29. Kf1 Rxa8 30. Nxe5 bxa3 31. bxa3 Bc5 32. a4 Rc8 33. Nd4
Ng3+ 34. Ke1 Re8 35. Ndxc6 f6 36. Rd7+ Kg8 37. Rd5 Bb6 38. Rb5 Bg1 39. Rb7 fxe5
40. Ne7+ Rxe7 41. Rxe7 Bd4 42. Kd2 Kf8 43. Rd7 Ne4+ 44. Ke1 Nc5 45. Rd5 Nxa4
46. Kd2 Ke7 47. Kd3 Nb2+ 48. Kd2 a4 49. c3 Ke6 50. Rb5 a3 51. cxd4 Nc4+ 52. Kc3
a2 0-1

[Event "XXIII Weekend B"]
[Site "Ceriano Laghetto ITA"]
[Date "2014.03.16"]
[Round "5"]
[White "Galli, Agostino"]
[Black "Cervini, Gian Piero"]
[WhiteElo "1732"]
[BlackElo "1803"]
[Result "1-0"]
[PlyCount "63"]
[EventDate "2014.03.14"]

1. d4 Nf6 2. c4 g6 3. Nc3 Bg7 4. g3 d6 5. Bg2 O-O 6. Nf3 c6 7. O-O Bf5 8. Re1
Qc8 9. e4 Bh3 10. Bh1 h6 11. e5 Ne8 12. exd6 exd6 13. Qb3 Nd7 14. d5 Nc5 15.
Qd1 cxd5 16. Nxd5 Qg4 17. Bxh6 Bxh6 18. Rxe8 Qxc4 19. Rxa8 Rxa8 20. b3 Qa6 21.
Nc7 Qb6 22. Nxa8 Qd8 23. Qd5 Be6 24. Qd1 Bg7 25. Rc1 Qxa8 26. Qxd6 Ne4 27. Qc7
a5 28. Ne1 Nxf2 29. Kxf2 Qa7+ 30. Kf1 Qa6+ 31. Rc4 Bh3+ 32. Bg2 1-0

[Event "XXIII Weekend B"]
[Site "Ceriano Laghetto ITA"]
[Date "2014.03.16"]
[Round "5"]
[White "Kupresakovic, Marko"]
[Black "Regorda, Vittorio"]
[WhiteElo "1939"]
[BlackElo "1778"]
[Result "1/2-1/2"]
[PlyCount "102"]
[EventDate "2014.03.14"]

1. d4 d5 2. c4 c6 3. cxd5 cxd5 4. Nc3 Nf6 5. Nf3 a6 6. Bf4 Nc6 7. e3 Bf5 8. Rc1
e6 9. Ne5 Nxe5 10. dxe5 Ne4 11. Qa4+ Qd7 12. Qxd7+ Kxd7 13. Na4 Bb4+ 14. Ke2
Ba5 15. f3 Nd2 16. Nc5+ Kc8 17. Nxe6+ Kb8 18. Nd4 Be6 19. Rc2 Nxf1 20. Rxf1 Rc8
21. Rfc1 Rxc2+ 22. Rxc2 Ka7 23. a3 Rc8 24. Rxc8 Bxc8 25. b4 Bd8 26. Kd3 Bd7 27.
g4 g6 28. Bg3 a5 29. b5 a4 30. Kc3 Be7 31. Nc2 Bxb5 32. f4 Bc5 33. Bh4 Be2 34.
g5 Bf3 35. Nd4 Bg4 36. Bf2 Ka6 37. Kb2 Bd7 38. h4 b5 39. Be1 Kb6 40. Bc3 Bg4
41. Nc2 Kc6 42. Bb4 Bb6 43. Kc3 Bd1 44. Nd4+ Bxd4+ 45. Kxd4 Bc2 46. e6 fxe6 47.
Ke5 Kd7 48. Kf6 Bf5 49. Kg7 Ke8 50. Kxh7 Kf7 51. Kh6 Bg4 1/2-1/2

[Event "XXIII Weekend B"]
[Site "Ceriano Laghetto ITA"]
[Date "2014.03.16"]
[Round "5"]
[White "Maffeo, Mauro"]
[Black "Ronconi, Fausto"]
[WhiteElo "1730"]
[BlackElo "1700"]
[Result "1/2-1/2"]
[PlyCount "143"]
[EventDate "2014.03.14"]

1. d4 d5 2. e3 e6 3. f4 Nf6 4. Nf3 Nbd7 5. Bd3 c5 6. c3 cxd4 7. exd4 a6 8. Nbd2
b5 9. a3 Bb7 10. O-O Bd6 11. Ne5 Rc8 12. Qe1 Nb6 13. Qg3 g6 14. Qh3 Bxe5 15.
fxe5 Ne4 16. Nf3 Nc4 17. Bxe4 dxe4 18. Ng5 Rc7 19. Nxh7 e3 20. Re1 Kd7 21. Nf6+
Kc8 22. Qg3 g5 23. Bxe3 Nxb2 24. Bxg5 Na4 25. Rac1 Nxc3 26. Rxc3 Qxd4+ 27. Rce3
Rc2 28. h4 Rxg2+ 29. Qxg2 Bxg2 30. Kxg2 Rxh4 31. Bxh4 Qxh4 32. Kf3 Kb7 33. Re4
Qh3+ 34. Ke2 Qxa3 35. Rd1 Qb2+ 36. Rd2 Qb1 37. Rd7+ Kb6 38. Rd6+ Ka5 39. Rdd4
Qc2+ 40. Rd2 Qc6 41. Rd3 Qc2+ 42. Ke3 Qc5+ 43. Kf3 Qg1 44. Nd7 Qf1+ 45. Ke3
Qe1+ 46. Kd4 Qb4+ 47. Ke3 Qe1+ 48. Kd4 Qb4+ 49. Ke3 Qe1+ 50. Kf4 Qf1+ 51. Rf3
Qc1+ 52. Rfe3 Qd2 53. Nc5 Kb6 54. Nd3 a5 55. Kg5 a4 56. Kf6 a3 57. Nb4 a2 58.
Re1 Qb2 59. Nxa2 Qxa2 60. Kxf7 Qd5 61. Kf6 Ka5 62. Ra1+ Kb6 63. Ree1 b4 64.
Red1 Qc4 65. Rd6+ Kb5 66. Rxe6 b3 67. Raa6 Qf4+ 68. Ke7 Qg5+ 69. Kd7 Qg7+ 70.
Kc8 Qg8+ 71. Kc7 Qh7+ 72. Kb8 1/2-1/2

[Event "XXIII Weekend B"]
[Site "Ceriano Laghetto ITA"]
[Date "2014.03.16"]
[Round "5"]
[White "Pinna, Ferdinando"]
[Black "Origgio, Stefano"]
[WhiteElo "1952"]
[BlackElo "1691"]
[Result "1-0"]
[PlyCount "131"]
[EventDate "2014.03.14"]

1. e4 e5 2. Nf3 Nc6 3. Bb5 a6 4. Ba4 Nf6 5. O-O Be7 6. Re1 b5 7. Bb3 d6 8. c3
O-O 9. h3 Bb7 10. d4 Re8 11. Nbd2 Bf8 12. Bc2 g6 13. Nf1 exd4 14. cxd4 Bg7 15.
Ng3 Na5 16. Bd2 Nc4 17. Bc3 c5 18. b3 Na3 19. Rc1 Nxc2 20. Qxc2 Rc8 21. d5 b4
22. Bb2 Rc7 23. Nd2 a5 24. Nc4 Rce7 25. Re2 Ba6 26. Rce1 Bxc4 27. bxc4 Nd7 28.
Bxg7 Kxg7 29. f4 f6 30. Nf1 h5 31. h4 Nb6 32. Nd2 Qd7 33. g3 Qg4 34. Nf1 Kh7
35. Re3 Kh6 36. Nh2 Qd7 37. Nf3 Qh3 38. Nh2 a4 39. Qe2 Rg7 40. g4 Qxh4 41. Qf1
f5 42. g5+ Kh7 43. Rh3 Qxe1 44. Qxe1 Rxe4 45. Re3 Rge7 46. Rxe4 Rxe4 47. Qa1
Rd4 48. Nf3 Rxf4 49. Qf6 Rxf3 50. Qf7+ Kh8 51. Qf8+ Kh7 52. Qh6+ Kg8 53. Qxg6+
Kf8 54. Qxd6+ Kg8 55. Qxb6 b3 56. axb3 Rxb3 57. Qg6+ Kh8 58. Qxh5+ Kg8 59. Qg6+
Kf8 60. Qf6+ Kg8 61. Qd8+ Kg7 62. Qd7+ Kg6 63. Qxa4 Rg3+ 64. Kh2 Rxg5 65. Qc6+
Kh7 66. d6 1-0

[Event "XXIII Weekend B"]
[Site "Ceriano Laghetto ITA"]
[Date "2014.03.16"]
[Round "5"]
[White "Rossi, Giampiero"]
[Black "Monticelli, Francesco"]
[WhiteElo "1878"]
[BlackElo "1701"]
[Result "0-1"]
[PlyCount "62"]
[EventDate "2014.03.14"]

1. d4 d5 2. c4 c6 3. cxd5 cxd5 4. Nc3 Nf6 5. Nf3 e6 6. Bf4 Bb4 7. Bxb8 Bxc3+ 8.
bxc3 Rxb8 9. Qa4+ Bd7 10. Qxa7 Qc7 11. Qa3 Ne4 12. Rc1 Bb5 13. Qb4 Nd6 14. e3
Bxf1 15. Kxf1 O-O 16. g3 Ra8 17. Rc2 Ra6 18. Kg2 Rfa8 19. Rb1 Rxa2 20. Rxa2
Rxa2 21. Qb6 Qb8 22. Ne5 Ne4 23. Qxb7 Rxf2+ 24. Kg1 Qxb7 25. Rxb7 g6 26. Ng4
Rc2 27. Nh6+ Kg7 28. Nxf7 Rc1+ 29. Kg2 Rc2+ 30. Kh3 Kf6 31. Ne5 Ng5+ 0-1

[Event "XXIII Weekend B"]
[Site "Ceriano Laghetto ITA"]
[Date "2014.03.16"]
[Round "5"]
[White "Viale, Fabio"]
[Black "Biava, Pierluigi"]
[WhiteElo "1834"]
[BlackElo "1667"]
[Result "1-0"]
[PlyCount "87"]
[EventDate "2014.03.14"]

1. d4 Nf6 2. c4 e6 3. Nc3 d5 4. Bg5 Be7 5. e3 h6 6. Bh4 O-O 7. Nf3 Nbd7 8. Qc2
c6 9. Rd1 Re8 10. a3 Nf8 11. Bd3 dxc4 12. Bxc4 Nd5 13. Bxe7 Qxe7 14. O-O Bd7
15. Bd3 Rec8 16. b4 a5 17. Qb2 axb4 18. Nxd5 exd5 19. axb4 Ra4 20. Rb1 f6 21.
Rfc1 b5 22. Bc2 Ra7 23. Ne1 Rca8 24. Qc3 Ne6 25. Qd3 Nf8 26. Nf3 Ra3 27. Rb3
Ra1 28. Rcb1 g5 29. Qc3 Rxb1+ 30. Rxb1 Be8 31. Rc1 Qa7 32. e4 Qa3 33. Bb3 Kg7
34. exd5 Bf7 35. Qxc6 Qxb3 36. Qxa8 Qb2 37. Qa1 Qxb4 38. Qb1 Qa4 39. Rc5 g4 40.
Nh4 Bg6 41. Rc7+ Bf7 42. Nf5+ Kg6 43. Nxh6+ Kxh6 44. Rxf7 1-0

[Event "XXIII Weekend C"]
[Site "Ceriano Laghetto ITA"]
[Date "2014.03.14"]
[Round "1"]
[White "Cazzola, Franco"]
[Black "Aldeghi, Damiano"]
[WhiteElo "1595"]
[BlackElo "1481"]
[Result "0-1"]
[PlyCount "78"]
[EventDate "2014.03.14"]

1. d4 d5 2. Nf3 Nf6 3. Bf4 e6 4. e3 Bd6 5. Bg5 h6 6. Bh4 O-O 7. Bd3 c5 8. c3 c4
9. Bc2 Re8 10. O-O Be7 11. Nbd2 Nfd7 12. Bg3 Bf6 13. e4 dxe4 14. Bxe4 e5 15.
dxe5 Bxe5 16. Bd5 Bxg3 17. hxg3 Nb6 18. Bxc4 Nxc4 19. Nxc4 Qf6 20. Qd4 Qc6 21.
Nfe5 Qf6 22. Rfe1 Rd8 23. Qf4 Qxf4 24. gxf4 Be6 25. a3 Na6 26. Ne3 Bb3 27. Re2
Nc5 28. f3 f6 29. N5c4 Re8 30. Nd2 Ba4 31. Rb1 Bc2 32. Rc1 Bd3 33. Ree1 Rad8
34. Kf2 Ba6 35. Ne4 Nd3+ 36. Kg3 Nxc1 37. Rxc1 f5 38. Nc5 Rxe3 39. Nxa6 bxa6
0-1

[Event "XXIII Weekend C"]
[Site "Ceriano Laghetto ITA"]
[Date "2014.03.14"]
[Round "1"]
[White "Ciochetta, Giovanni"]
[Black "Cavalieri, Vittorio"]
[WhiteElo "1573"]
[BlackElo "1455"]
[Result "1-0"]
[PlyCount "37"]
[EventDate "2014.03.14"]

1. e4 e6 2. d4 d5 3. Nd2 c5 4. c3 Nc6 5. Ngf3 Bd7 6. Bb5 a6 7. Bxc6 Bxc6 8. e5
f6 9. O-O Qc7 10. Re1 Bd7 11. Nf1 Ne7 12. Ng3 Ng6 13. exf6 gxf6 14. Nh5 Qd8 15.
dxc5 Qe7 16. b4 a5 17. Qd4 Ne5 18. Nxe5 fxe5 19. Qxe5 1-0

[Event "XXIII Weekend C"]
[Site "Ceriano Laghetto ITA"]
[Date "2014.03.14"]
[Round "1"]
[White "Franchetti Pardo, Niccolo'"]
[Black "Rosini, Luca Ungaro"]
[WhiteElo "1478"]
[BlackElo "1579"]
[Result "0-1"]
[PlyCount "118"]
[EventDate "2014.03.14"]

1. d4 Nf6 2. Nd2 d5 3. Ngf3 e6 4. a3 c5 5. e3 Nc6 6. Bd3 cxd4 7. Nxd4 Nxd4 8.
exd4 Bd6 9. Nf3 O-O 10. O-O Bd7 11. c3 Qa5 12. Qe2 Rfe8 13. Ne5 Bc6 14. Bf4 Qc7
15. Bg5 Ne4 16. Bxe4 dxe4 17. Nxc6 Qxc6 18. Rae1 f5 19. f3 h6 20. Bd2 exf3 21.
Rxf3 Re7 22. Rh3 Qe8 23. Re3 Kf7 24. Qh5+ Kf6 25. Qh4+ Kf7 26. Rh3 Qg8 27. Rf3
Ke8 28. Bf4 Bxf4 29. Qxf4 g5 30. Qd6 Rd8 31. Qc5 Kf7 32. Qxa7 g4 33. Rf4 Qg5
34. g3 h5 35. Qa5 Rde8 36. Qe5 h4 37. Ref1 Kg6 38. Qe1 hxg3 39. Qxg3 Rh8 40.
Kg2 Rh3 41. Qe1 Qh6 42. Kg1 Rxh2 43. Qg3 Rh1+ 44. Kg2 Rh7 45. Rxg4+ Kf7 46.
Qc7+ Kf6 47. Qe5+ Kf7 48. Qc7+ Kf8 49. Qd6+ Re7 50. Rxh1 Qd2+ 51. Kg3 Qe3+ 52.
Kg2 Qe2+ 53. Kg3 Qxg4+ 54. Kf2 Qg7 55. Qd8+ Kf7 56. Rg1 Qf8 57. Qd6 Qh6 58. Qe5
Qd2+ 59. Kf3 Qd3+ 0-1

[Event "XXIII Weekend C"]
[Site "Ceriano Laghetto ITA"]
[Date "2014.03.14"]
[Round "1"]
[White "Frignani, Alessandro"]
[Black "De Regibus, Giuseppe"]
[WhiteElo "1410"]
[BlackElo "1509"]
[Result "0-1"]
[PlyCount "148"]
[EventDate "2014.03.14"]

1. e4 c5 2. f4 d5 3. e5 Nc6 4. Nf3 Bg4 5. h3 Bf5 6. d3 h6 7. Be3 e6 8. Nbd2 Qb6
9. b3 Nge7 10. a3 Bh7 11. Be2 Nf5 12. Bf2 Be7 13. g4 Nfd4 14. Nxd4 Nxd4 15.
Bxd4 cxd4 16. Nf3 Bxa3 17. O-O Be7 18. Ra4 Rc8 19. Qb1 a6 20. Kg2 Bb4 21. Rc1
Bc3 22. Qa2 O-O 23. Rb1 f6 24. Kg3 Rf7 25. exf6 Rxf6 26. Ne5 Qc7 27. Rf1 Bd2
28. Rxd4 Be3 29. Ra4 Bg6 30. Nxg6 Rxg6 31. Qb2 Bc5 32. c4 d4 33. b4 Qd7 34. Ra5
Bb6 35. Re5 Rf6 36. Re4 Rd8 37. h4 Bc7 38. Qd2 Rdf8 39. g5 hxg5 40. hxg5 Rg6
41. Bh5 Rxg5+ 42. Kh4 Rgf5 43. Bg4 Qe7+ 44. Kg3 R5f6 45. Qe2 Rh6 46. Bxe6+ Kh8
47. Qg4 Qf6 48. Kf3 Rh4 49. Qg2 Rxf4+ 50. Ke2 Rxe4+ 51. dxe4 d3+ 52. Kxd3 Qxf1+
53. Qxf1 Rxf1 54. Bc8 Rb1 55. Bxb7 Rxb4 56. Bd5 a5 57. Kc3 Bd6 58. Kd4 a4 59.
e5 Be7 60. Kc3 a3 61. e6 a2 62. c5 Bxc5 63. Bxa2 Rf4 64. Kd3 Be7 65. Ke3 Rf8
66. Ke4 g5 67. Ke5 Kg7 68. Bd5 Kh6 69. Bh1 Kh5 70. Kd5 Rf6 71. Ke5 g4 72. Be4
g3 73. Kd5 Kg5 74. Ke5 Rf2 0-1

[Event "XXIII Weekend C"]
[Site "Ceriano Laghetto ITA"]
[Date "2014.03.14"]
[Round "1"]
[White "Lamera, Giuseppe"]
[Black "Zerboni, Giuseppe"]
[WhiteElo "1485"]
[BlackElo "1596"]
[Result "1-0"]
[PlyCount "133"]
[EventDate "2014.03.14"]

1. b4 e5 2. a3 d5 3. d3 Nf6 4. Bb2 Bd6 5. g3 O-O 6. Bg2 Be6 7. Nf3 Nbd7 8. Nbd2
Rc8 9. e4 d4 10. c3 c5 11. b5 dxc3 12. Bxc3 Qc7 13. O-O Rfd8 14. Ng5 Nf8 15.
Nxe6 Nxe6 16. Nc4 Nd4 17. Bxd4 cxd4 18. Bh3 Rb8 19. Nxd6 Rxd6 20. Rc1 Qa5 21.
Qb3 Rb6 22. a4 a6 23. Qc4 Rd6 24. Rb1 Qc3 25. Rfc1 Qxc4 26. Rxc4 axb5 27. Rxb5
Re8 28. f3 b6 29. Kf2 h5 30. Ke2 g5 31. Bf5 g4 32. h4 gxf3+ 33. Kxf3 Kf8 34.
Rc7 Ng8 35. Rc8 Rxc8 36. Bxc8 f6 37. Bb7 Nh6 38. Rb1 Ng4 39. Rc1 Rd7 40. Bc8
Ra7 41. Ra1 Rc7 42. Bxg4 hxg4+ 43. Kxg4 Rc3 44. a5 bxa5 45. Rxa5 Rxd3 46. h5
Rd1 47. Kf5 Rf1+ 48. Ke6 Kg7 49. Ra2 Rf3 50. Rh2 Rxg3 51. h6+ Kh7 52. Kxf6 d3
53. Kxe5 Re3 54. Rd2 Kxh6 55. Kd4 Rg3 56. Rxd3 Rg1 57. e5 Kg7 58. Kd5 Kf7 59.
Kd6 Ke8 60. Rf3 Rd1+ 61. Ke6 Rd2 62. Rf7 Rd1 63. Re7+ Kf8 64. Rh7 Ra1 65. Rf7+
Ke8 66. Rb7 Rf1 67. Rb8# 1-0

[Event "XXIII Weekend C"]
[Site "Ceriano Laghetto ITA"]
[Date "2014.03.14"]
[Round "1"]
[White "Madaschi, Sergio"]
[Black "Palermiti, Francesco"]
[WhiteElo "1551"]
[BlackElo "1443"]
[Result "1-0"]
[PlyCount "50"]
[EventDate "2014.03.14"]

1. b3 d6 2. Bb2 e5 3. e3 c5 4. c4 Nc6 5. a3 Nf6 6. Be2 Be7 7. d3 O-O 8. Nd2 Be6
9. Ngf3 Qc7 10. O-O b6 11. Ng5 Bc8 12. Nge4 Bb7 13. Bf3 Rfd8 14. Qe2 a5 15.
Rad1 Bf8 16. Nxf6+ gxf6 17. Ne4 Bg7 18. Ng3 Ne7 19. Bxb7 Qxb7 20. d4 cxd4 21.
exd4 Ng6 22. d5 Qd7 23. Rc1 Re8 24. Rfe1 Rac8 25. Qe4 b5 {...} 1-0

[Event "XXIII Weekend C"]
[Site "Ceriano Laghetto ITA"]
[Date "2014.03.14"]
[Round "1"]
[White "Picasso, Marco Francesco"]
[Black "Repossi, Luca"]
[WhiteElo "1447"]
[BlackElo "1573"]
[Result "1-0"]
[PlyCount "87"]
[EventDate "2014.03.14"]

1. e4 c5 2. Nf3 d6 3. c3 Nf6 4. d3 h6 5. Be2 Nc6 6. h3 e5 7. Be3 d5 8. Qa4 d4
9. Bd2 Bd6 10. Na3 Bd7 11. Qb3 Na5 12. Qc2 b5 13. c4 b4 14. Nb1 Rb8 15. b3 O-O
16. O-O Nh7 17. Nh2 f5 18. Bh5 f4 19. Qd1 Ng5 20. Bg4 Be8 21. Nf3 h5 22. Nxg5
Qxg5 23. Be6+ Kh8 24. g3 Rf6 25. h4 Qh6 26. Bh3 g5 27. Kh2 Qg6 28. Bf5 Qg7 29.
Qf3 Bg6 30. hxg5 Rf7 31. Rh1 Bxf5 32. Qxh5+ Bh7 33. Kg2 fxg3 34. f3 Kg8 35. Rh3
Rbf8 36. Rxg3 Bg6 37. Qh6 Nc6 38. Na3 bxa3 39. Rh1 Bf5 40. Qxd6 Ne7 41. Qh6 Ng6
42. exf5 Rxf5 43. Rgh3 Qe7 44. Qxg6+ 1-0

[Event "XXIII Weekend C"]
[Site "Ceriano Laghetto ITA"]
[Date "2014.03.14"]
[Round "1"]
[White "Ruggiero, Paolino"]
[Black "Kiszka, Jean Marc"]
[WhiteElo "1493"]
[BlackElo "1363"]
[Result "1-0"]
[PlyCount "47"]
[EventDate "2014.03.14"]

1. e4 c5 2. f4 e6 3. Nf3 d6 4. b3 Nd7 5. Bb2 a6 6. Bc4 b5 7. Be2 Bb7 8. d3 Ngf6
9. O-O Be7 10. Nbd2 O-O 11. h3 Nh5 12. Nh2 Ng3 13. Rf3 Nxe2+ 14. Qxe2 d5 15.
exd5 Bxd5 16. Rg3 g6 17. Ng4 Bf6 18. Nxf6+ Nxf6 19. Qe5 Kg7 20. Nf1 Ra7 21. Ne3
h5 22. Qxh5 Kg8 23. Qe5 Kg7 24. Ng4 1-0

[Event "XXIII Weekend C"]
[Site "Ceriano Laghetto ITA"]
[Date "2014.03.15"]
[Round "2"]
[White "Aldeghi, Damiano"]
[Black "Ciochetta, Giovanni"]
[WhiteElo "1481"]
[BlackElo "1573"]
[Result "1/2-1/2"]
[PlyCount "117"]
[EventDate "2014.03.14"]

1. e4 e5 2. Nf3 Nf6 3. Nc3 Nc6 4. Bc4 Bb4 5. d3 O-O 6. Bd2 d6 7. h3 a6 8. a3
Ba5 9. O-O b5 10. Ba2 Bb7 11. Re1 Ne7 12. Bg5 Ng6 13. b4 Bb6 14. Nd5 Bxd5 15.
Bxd5 Rb8 16. a4 h6 17. Bxf6 Qxf6 18. Rf1 Nf4 19. Bc6 Qg6 20. Nh4 Qg5 21. Qg4
Qxg4 22. hxg4 Ne2+ 23. Kh2 Nd4 24. axb5 axb5 25. Bd5 Nxc2 26. Rab1 Nd4 27. Nf5
Nxf5 28. gxf5 c5 29. bxc5 Bxc5 30. f4 Kh7 31. fxe5 dxe5 32. Rfd1 Bd4 33. Rb4 f6
34. Rdb1 Rfc8 35. Rxb5 Rxb5 36. Rxb5 Rc1 37. Rb8 h5 38. Bf7 h4 39. Kh3 Rg1 40.
Kxh4 Bf2+ 41. Kg4 Rxg2+ 42. Kf3 Rg3+ 43. Kxf2 Rxd3 44. Rb1 Kh6 45. Rh1+ Kg5 46.
Rg1+ Kh6 47. Rg6+ Kh7 48. Rg4 Kh6 49. Rg3 Rd2+ 50. Kf3 Rh2 51. Rg4 Rh3+ 52. Kg2
Rc3 53. Bg8 Re3 54. Kf2 Rc3 55. Bf7 Rh3 56. Kg2 Rc3 57. Rg3 Rc1 58. Kh3 Rf1 59.
Bd5 1/2-1/2

[Event "XXIII Weekend C"]
[Site "Ceriano Laghetto ITA"]
[Date "2014.03.15"]
[Round "2"]
[White "Cavalieri, Vittorio"]
[Black "Cazzola, Franco"]
[WhiteElo "1455"]
[BlackElo "1595"]
[Result "0-1"]
[PlyCount "66"]
[EventDate "2014.03.14"]

1. e4 e6 2. d4 d5 3. Nd2 dxe4 4. Nxe4 Nd7 5. Nf3 Ngf6 6. Ng3 Bd6 7. Bd3 O-O 8.
Ne4 Nxe4 9. Bxe4 Nf6 10. Bd3 h6 11. O-O b6 12. Re1 Bb7 13. c3 a5 14. Bc2 c5 15.
dxc5 Bxc5 16. Be3 Qc7 17. Bxc5 Qxc5 18. Qe2 Qh5 19. Ne5 Qg5 20. Nf3 Qg4 21. Nh4
Qxh4 22. f3 Rfd8 23. Be4 Bxe4 24. fxe4 Qh5 25. Qxh5 Nxh5 26. Rad1 Kf8 27. e5
Ke7 28. Rf1 Rxd1 29. Rxd1 Rd8 30. Rf1 g5 31. Rf2 Rd1+ 32. Rf1 Rxf1+ 33. Kxf1 f6
0-1

[Event "XXIII Weekend C"]
[Site "Ceriano Laghetto ITA"]
[Date "2014.03.15"]
[Round "2"]
[White "De Regibus, Giuseppe"]
[Black "Picasso, Marco Francesco"]
[WhiteElo "1509"]
[BlackElo "1447"]
[Result "1-0"]
[PlyCount "183"]
[EventDate "2014.03.14"]

1. d4 Nf6 2. Bg5 d5 3. c4 c6 4. Bxf6 exf6 5. Nc3 Bb4 6. e3 Bf5 7. a3 Bd6 8. Qb3
Qb6 9. Qxb6 axb6 10. cxd5 c5 11. Nb5 Kd7 12. Nxd6 Kxd6 13. dxc5+ bxc5 14. Rd1
Re8 15. Bb5 Re5 16. Ne2 Rxd5 17. Rxd5+ Kxd5 18. Nc3+ Ke6 19. e4 Bg6 20. O-O Nd7
21. Bc4+ Ke7 22. Nd5+ Kf8 23. f3 Rd8 24. a4 Ne5 25. b3 Nc6 26. Rd1 h6 27. Kf2
Bh7 28. Bb5 Na5 29. Rb1 f5 30. Ke3 fxe4 31. fxe4 Nc6 32. Bxc6 bxc6 33. Nc3 Re8
34. g4 Re6 35. a5 Re7 36. a6 Ra7 37. Ra1 f6 38. Na4 Rxa6 39. Rc1 Ra5 40. Nxc5
Bg8 41. b4 Rb5 42. Rb1 Ke7 43. Kd4 Kd6 44. Kc3 g5 45. Rd1+ Ke5 46. Rd8 Bf7 47.
Rd7 Be6 48. Re7 Rb6 49. Rxe6+ Kf4 50. h3 Kg3 51. Rxf6 Kxh3 52. Rxh6+ Kxg4 53.
e5 Kf5 54. e6 Rb8 55. Rh7 Re8 56. Rf7+ Kg6 57. Rc7 Kf5 58. Rxc6 g4 59. Ra6 g3
60. Ra1 Kf4 61. Rf1+ Ke3 62. Nd3 Rxe6 63. Rg1 Kf3 64. Kb3 Re3 65. Kc4 Re4+ 66.
Kc5 Re3 67. Kc4 Re4+ 68. Kc3 Re3 69. Kd2 Re2+ 70. Kd1 Re3 71. Kd2 Re2+ 72. Kc3
Re3 73. Kc4 Re4+ 74. Kc5 Re3 75. Kd4 Re4+ 76. Kd5 Re3 77. Ne5+ Kf2 78. Ng4+
Kxg1 79. Nxe3 Kf2 80. Ke4 Ke2 81. b5 Kf2 82. b6 g2 83. Nxg2 Ke2 84. Nf4+ Kf2
85. b7 Kg3 86. b8=Q Kf2 87. Nd3+ Kf1 88. Qf4+ Ke2 89. Qf2+ Kd1 90. Nb2+ Kc1 91.
Kd3 Kb1 92. Na4 1-0

[Event "XXIII Weekend C"]
[Site "Ceriano Laghetto ITA"]
[Date "2014.03.15"]
[Round "2"]
[White "Kiszka, Jean Marc"]
[Black "Franchetti Pardo, Niccolo'"]
[WhiteElo "1363"]
[BlackElo "1478"]
[Result "1-0"]
[PlyCount "67"]
[EventDate "2014.03.14"]

1. c4 Nf6 2. Nc3 g6 3. Nf3 Bg7 4. g3 O-O 5. Bg2 d6 6. d4 Nbd7 7. O-O c6 8. Bg5
e5 9. dxe5 Nxe5 10. Nxe5 dxe5 11. Qxd8 Rxd8 12. Rfd1 Be6 13. Ne4 Rxd1+ 14. Rxd1
Nxe4 15. Bxe4 Bxc4 16. b3 Bxe2 17. Rd7 f6 18. Be3 f5 19. Bd3 Bf3 20. Bc4+ Kh8
21. Kf1 b6 22. Ba6 c5 23. Ke1 h6 24. Kd2 g5 25. Ke1 f4 26. Bd2 fxg3 27. hxg3 e4
28. Bb7 Re8 29. Be3 Kh7 30. Kd2 Kg6 31. Bc6 Re6 32. Bd5 Re8 33. Bf7+ Kf5 34.
Bxe8 1-0